000 00294nam a22001337a 4500
008 181217b xxu||||| |||| 00| 0 eng d
020 _a9780132253086
041 _aeng
080 _23rd
_a573
100 _a11
101 _aBIO
245 _a Biological Science
_cFreeman,S
942 _2udc
_cBK
999 _c53172
_d53172